000 00372 a2200145 4500
020 _a9788423643370
020 _a8423643379
041 _aspa
100 _aGalicia, Monserrat
245 _aAterrizaje de emergencia / Montserrat Galicia.
260 _aBarcelona : Edebe, DL 1999.
300 _a142 p. : il. ;
_c20 cm.
440 _aPeriscopi. Castella, 37.
942 _cBK
999 _c7951
_d7951